| 000 | 00929nam a22002657i 4500 | ||
|---|---|---|---|
| 999 |
_c22749 _d22749 |
||
| 003 | AR-CdUCM | ||
| 008 | 231214b20222022pe |o||| |||| 00| 0 spa d | ||
| 020 | _a978-612-4392-55-9 | ||
| 040 |
_aMUNICIPALIDAD PROVINCIAL DEL CUSCO _cBIBLIOTECA MUNICIPAL DEL CUSCO |
||
| 041 | _hspa | ||
| 082 |
_aE300.3 / A52 / V.III _bA52 / V.III |
||
| 100 |
_aAmat Olazábal, Manuel Hernán _949246 |
||
| 245 | _aDiccionario de Arqueología, Antropología, Historia y Ciencias Sociales / | ||
| 260 |
_bUniversidad Andina del Cusco, _c2022. _aCusco : |
||
| 300 |
_a625 páginas. : _c30 cm. |
||
| 500 | _zBibliografía: páginas 1579-1622 | ||
| 505 | _aArqueología -- Antropología -- Historia -- Ciencias Sociales | ||
| 650 |
_aCiencias Sociales _91096 |
||
| 650 |
_aHistoria _949249 |
||
| 650 |
_aAntropología _9878 |
||
| 650 |
_aArqueología _9371 |
||
| 856 | _fwww.uandina.edu.pe | ||
| 942 |
_2ddc _cLIBROS |
||
| 945 |
_apebm _d14-12-2023 |
||